000 00435nam a22001457a 4500
999 _c65896
_d65896
005 20181128180035.0
020 _a8188322865
_c300.00
035 _aB-226809,B-226805, B-226825
037 _aDPL
_bENG
100 _aRajan, Y.S.
245 _aA to Z of success :
_bA companion for youth /
_cby Y.S. Rajan
260 _aNew Delhi
_bOcean Books Pvt. Ltd.
_c2006
300 _a300p.
_c18 cms.
942 _2ddc
_cEN
_h158.1
_mRAJ